[Event "2nd Guotai Cup Belt Road 2019"]
[Site "Qinhuangdao"]
[Date "2019.04.17"]
[Round "2.10"]
[White "Oleksiyenko, Mykhaylo"]
[Black "Tuvsanaa, Nyamaa"]
[Result "1-0"]
[WhiteElo "2598"]
[BlackElo "2212"]
[Annotator "TA"]
[PlyCount "33"]
[EventDate "2019.04.16"]
[EventType "swiss"]
[EventCountry "CHN"]
[SourceTitle "playchess.com"]
[Source "ChessBase"]
[SourceQuality "1"]

{[%evp 9,33,24,28,8,80,41,45,45,47,44,44,42,64,69,68,51,329,338,339,343,447,437,628,575,570,554]} 1. e4 e6 2. d4 d5 3. Nd2 Be7 4. e5 c5 5. c3 Nc6 6. Bd3 {C03: French Tarrasch: Unusual Black 3rd moves} f5 (6... cxd4 $11 {remains equal.} 7. cxd4 Bd7) (6... Bd7 7. Qg4 Kf8 8. Ne2 h5 9. Qf3 cxd4 10. cxd4 Qb6 11. Nb3 a5 12. Nf4 Ke8 13. Nxh5 a4 14. Nxg7+ {1-0 (46) Mamedov,R (2703)-Lagarde,M (2616) Skopje 2018}) 7. Ne2 Nh6 8. Nf3 {White is slightly better.} Nf7 9. h4 Bd7 $146 ({Predecessor:} 9... c4 10. Bc2 b5 11. Nf4 b4 12. Ba4 Qb6 13. Ng5 Bxg5 14. hxg5 bxc3 15. bxc3 {1-0 (72) Hovhannisyan,M (2515)-Wiley,T (2234) Charleroi 2015}) 10. Nf4 cxd4 11. cxd4 Qb6 12. O-O Nxd4 $2 {[%mdl 8192]} (12... O-O $14) 13. Nxd4 $18 Qxd4 {[#]} 14. Nxe6 $1 {[%mdl 576] Double Attack} Qxh4 (14... Bxe6 15. Bb5+) 15. g3 {White is clearly winning.} Qh3 {[#]} (15... Qa4 $142) 16. Bxf5 $1 {[%mdl 512]} Bxe6 (16... Qxf5 17. Nxg7+) 17. Qa4+ {Accuracy: White = 81%, Black = 37%.} 1-0

[Event "2nd Guotai Cup Belt Road 2019"]
[Site "Qinhuangdao"]
[Date "2019.04.18"]
[Round "3.1"]
[White "Dai, Changren"]
[Black "Zvjaginsev, Vadim"]
[Result "1-0"]
[WhiteElo "2472"]
[BlackElo "2641"]
[Annotator "TA"]
[PlyCount "75"]
[EventDate "2019.04.16"]
[EventType "swiss"]
[EventCountry "CHN"]
[SourceTitle "playchess.com"]
[Source "ChessBase"]
[SourceQuality "1"]

{[%evp 11,95,-10,11,23,56,51,123,122,114,106,112,105,106,100,130,120,127,133,118,99,213,206,216,162,334,343,365,262,339,318,325,227,239,233,317,273,491,499,479,494,500,488,494,490,606,594,616,619,593,369,364,290,406,397,402,381,557,556,1114,605,682,681,652,657,708,692,686,683,666,663,817,819,1016,985,1554,1426,1086,943,29983,29984,29983,29981,29980,29981,29981,29981]} 1. e4 e6 2. d4 d5 3. Nc3 Nf6 4. e5 Nfd7 5. Nce2 c5 6. c3 b5 7. Nf3 {C11: French: Classical System: 4 e5 and 4 Bg5 dxe4} b4 8. cxb4 (8. Nf4 bxc3 9. bxc3 cxd4 10. cxd4 Nc6 11. Be2 Ba6 12. O-O Bxe2 13. Qxe2 Be7 14. Be3 Na5 {1-0 (31) Grischuk,A (2766)-Nepomniachtchi,I (2757) chess.com INT 2018}) 8... c4 $146 {[#]} ({Black should play} 8... cxb4 $14 9. Nf4 Be7) ({Predecessor:} 8... cxb4 9. Nf4 Nc6 10. Be2 Qb6 11. O-O Be7 12. h4 Ba6 13. Bxa6 Qxa6 14. Be3 Rc8 {1-0 (26) Fedorov,A (2574)-Yuferev,O (2250) Kazan 2014}) 9. a3 $1 $16 {White is better.} a5 10. b5 a4 11. Nc3 Nb6 12. h4 Bd7 13. h5 $36 {[%mdl 2048] White has strong initiative.} h6 {[#]} 14. g4 $1 Ra5 15. g5 hxg5 (15... Bxb5 $16 {was worth a try.} 16. g6 f5) 16. Nxg5 $18 (16. Bxg5 Qc7 $14) 16... Bxb5 17. Qg4 {Black must now prevent Nxf7!} ({Stronger than} 17. Nxb5 Rxb5 18. Qg4 Qe7 $11) 17... Qd7 $2 (17... Qe7 18. Bd2 Nc6) 18. Rh3 Nc6 19. Bd2 Ba6 20. Rf3 Nd8 21. Be2 Nc8 22. Bd1 Ne7 23. Ne2 Qb5 $2 (23... Rb5 {might work better.} 24. Bxa4 Nec6 25. Bxb5 Bxb5) 24. Bxa5 Qxa5+ 25. Nc3 Bb5 26. Bc2 Bd7 27. Nh7 Nf5 28. Nxf8 Kxf8 29. O-O-O ({Weaker is} 29. Bxf5 exf5 30. Qg5 f4 $18) 29... Nc6 30. Bxf5 exf5 31. Qg5 Qd8 32. Qg2 Be6 33. Rg3 Qh4 (33... Rxh5 $142 34. Rxg7 Rh8) 34. Nxd5 {Nf6 is the strong threat.} Qxh5 35. Nc3 Qh6+ {[#]} 36. f4 $1 Qxf4+ 37. Kb1 Bd7 38. Rxg7 {Played: Qg2-d5} 1-0

[Event "2nd Guotai Cup Belt Road 2019"]
[Site "Qinhuangdao"]
[Date "2019.04.18"]
[Round "3.2"]
[White "Oparin, Grigoriy"]
[Black "Nie, Xinyang"]
[Result "1-0"]
[WhiteElo "2624"]
[BlackElo "2346"]
[Annotator "TA"]
[PlyCount "91"]
[EventDate "2019.04.16"]
[EventType "swiss"]
[EventCountry "CHN"]
[SourceTitle "playchess.com"]
[Source "ChessBase"]
[SourceQuality "1"]

{[%evp 20,91,4,0,0,-8,13,7,27,2,23,22,28,12,15,14,17,10,12,-16,3,0,0,0,19,22,31,33,36,30,39,6,17,9,19,0,0,0,0,0,0,0,0,0,0,0,0,-17,0,0,0,0,0,0,13,0,77,8,29958,29960,29964,0,29965,29967,29968,29969,29967,194,29968,29970,6119,6091,6091,6091]} 1. Nf3 d5 2. g3 Bg4 3. Bg2 Nd7 4. c4 e6 5. cxd5 exd5 6. O-O Ngf6 7. Nc3 c6 8. d3 Bd6 9. h3 Bxf3 10. Bxf3 O-O 11. e4 dxe4 {A11: English Opening: 1...c6} 12. dxe4 Nc5 $146 ({Predecessor:} 12... Qc7 13. Bg2 Rad8 14. f4 Bc5+ 15. Kh2 h5 16. Qe2 Rfe8 17. Kh1 Bd4 18. Bd2 Qc8 19. Rad1 {1-0 (31) Dvirnyy,D (2560)-Rombaldoni,D (2462) Rome 2013}) 13. Be3 {aiming for e5!} Ne6 {The position is equal.} 14. Re1 Be5 15. Bg2 Qa5 16. Qb3 Nd4 17. Bxd4 ({Don't blunder} 17. Qxb7 $2 Rab8 $19) 17... Bxd4 18. Rad1 Qe5 19. Kf1 {Threatens to win with f4.} Rad8 20. f4 Qa5 21. e5 Bxc3 (21... Bb6 $5 {[%cal Ra5c5]} 22. Qc4 (22. exf6 $2 Qc5 $19) 22... Nh5 $11) 22. Qxc3 Qa6+ 23. Kf2 Nd5 24. Qb3 Nc7 25. a3 Ne6 {...Nc5 is the strong threat.} 26. Qb4 g6 27. Bf3 b5 28. Qc3 c5 29. Bd5 Qb6 30. Bxe6 Qxe6 31. g4 c4 32. Qf3 Qe7 33. Qe3 Rxd1 34. Rxd1 Rd8 35. Rxd8+ Qxd8 $11 {[%mdl 4096] Endgame KQ-KQ} 36. f5 Qc7 37. Qd4 a5 (37... Qc8 $1 $11) 38. Qd5 (38. f6 $16) 38... c3 $2 {[%mdl 8192]} (38... h5 $11) 39. Qa8+ $1 Kg7 40. f6+ Kh6 41. Qe4 $1 g5 {[#]} 42. h4 $1 Qd7 43. hxg5+ Kxg5 {[#]} 44. Kg3 $1 h5 45. Qf4+ Kg6 46. bxc3 {Accuracy: White = 66%, Black = 58%.} 1-0

[Event "2nd Guotai Cup Belt Road 2019"]
[Site "Qinhuangdao"]
[Date "2019.04.18"]
[Round "3.3"]
[White "Peng, Hongchi"]
[Black "Xu, Yinglun"]
[Result "1/2-1/2"]
[WhiteElo "2347"]
[BlackElo "2532"]
[Annotator "TA"]
[PlyCount "40"]
[EventDate "2019.04.16"]
[EventType "swiss"]
[EventCountry "CHN"]
[SourceTitle "playchess.com"]
[Source "ChessBase"]
[SourceQuality "1"]

{[%evp 20,40,0,0,13,22,18,0,0,0,0,0,0,0,0,0,0,0,0,0,0,0,0]} 1. e4 c5 2. Nf3 d6 3. d4 cxd4 4. Nxd4 Nf6 5. Nc3 a6 6. f3 e6 7. g4 h6 8. Be3 b5 9. a3 Nbd7 10. Qd2 Bb7 11. O-O-O {The position is equal.} Rc8 {B80: Sicilian Scheveningen: 6 g3 and 6 Be3, including English Attack} 12. h4 (12. Kb1 d5 13. exd5 Nxd5 14. Nxd5 Bxd5 15. Be2 Bc5 16. Rhg1 O-O 17. h4 Ne5 18. f4 Nc4 19. Bxc4 bxc4 {0-1 (45) Ponomariov,R (2712)-Wojtaszek,R (2730) Khanty-Mansiysk 2017}) 12... d5 13. Bh3 b4 14. axb4 {[#] Hoping for g5.} Bxb4 {[%cal Rd5e4]} 15. g5 Ne5 {[%cal Bd7e5,Be5c4,Bc4a3][%mdl 32] Strongly threatening ...Bxc3.} 16. gxf6 Bxc3 $1 17. bxc3 Nc4 $1 {[#] And now ...Qa5 would win.} 18. Qe1 $146 ({Predecessor:} 18. fxg7 Rg8 19. Qe1 Qa5 {½-½ (19) Eldridge,M (2344)-Petrov,Y (2302) ICCF email 2011}) 18... Qa5 {[%cal Ra5a1]} 19. Kb1 Na3+ $1 20. Kc1 Nc4 1/2-1/2

[Event "2nd Guotai Cup Belt Road 2019"]
[Site "Qinhuangdao"]
[Date "2019.04.18"]
[Round "3.4"]
[White "Wang, Hao"]
[Black "Karthik, Venkataraman"]
[Result "1/2-1/2"]
[WhiteElo "2726"]
[BlackElo "2505"]
[Annotator "TA"]
[PlyCount "69"]
[EventDate "2019.04.16"]
[EventType "swiss"]
[EventCountry "CHN"]
[SourceTitle "playchess.com"]
[Source "ChessBase"]
[SourceQuality "1"]

{[%evp 16,69,18,0,25,0,22,18,35,-30,0,-135,-131,-126,-132,-129,-135,-127,-95,-207,-126,-140,-65,-94,-27,-139,-66,-66,-71,-67,-68,-122,-107,-140,-143,-175,-163,-221,-91,-84,0,0,0,0,0,0,0,0,0,0,0,0,0,0,0,0]} 1. e4 c5 2. Nf3 d6 3. d4 Nf6 4. Nc3 cxd4 5. Nxd4 a6 6. Be3 e6 7. f3 b5 8. Qd2 Nbd7 9. g4 b4 {B80: Sicilian Scheveningen: 6 g3 and 6 Be3, including English Attack} 10. Na4 h6 $1 11. O-O-O ({Of course not} 11. Qxb4 d5 $15) 11... Ne5 12. Nb3 (12. Qxb4 $14 Bd7 13. Nc3) 12... Rb8 {White must now prevent ...Bd7.} 13. Qf2 $146 {[#]} (13. Ba7 $11 {keeps the balance.} Bd7 14. f4 Nexg4 15. Bxb8 Qxb8 16. Bg2 (16. e5 Ne4 $17)) ({Predecessor:} 13. Ba7 Rb7 14. Qf2 Bd7 15. Bd4 Qc7 16. Bxe5 dxe5 {½-½ (52) Bacrot,E (2715)-Dominguez Perez,L (2661) Poikovsky 2005}) 13... Nexg4 $1 $17 {[%mdl 512]} 14. fxg4 Nxg4 15. Qg1 Nxe3 16. Qxe3 Bd7 17. Nc3 (17. Kb1 $17 {was worth a try.}) 17... bxc3 18. Qxc3 Qb6 (18... Rc8 $17 19. Qg3 Qb6) 19. Kb1 Rc8 ({Black should try} 19... Qc6 $17 {Hoping for ...Qxc3.} 20. Qxc6 Bxc6) 20. Qg3 (20. Bc4 $11) 20... a5 (20... g6 $1 $17 21. c3 Rb8) 21. Nd2 $1 $15 Qc5 22. Nc4 a4 23. Be2 (23. Qg1 $15) 23... Bc6 $1 $17 24. Qf4 {[#]} Be7 $1 25. Nxd6+ Bxd6 26. Rxd6 (26. Qxd6 $142 Bxe4 27. Qd7+ Kf8 {[#]} 28. Rdf1 $1 {[%mdl 512]} Bxc2+ 29. Ka1) 26... e5 (26... a3 $19 {and Black stays clearly on top. Threatens to win with ...0-0.} 27. Rf1 O-O) 27. Qg4 Rb8 ({Better is} 27... Bxe4 $1 $17 28. Qxe4 Qxd6) 28. Rxc6 {The position is equal.} Qxc6 29. Qxg7 {[%mdl 64] Double Attack} Qxe4 30. Qxh8+ Ke7 31. Bf3 $1 Rxb2+ $1 32. Kxb2 Qb4+ 33. Kc1 Qf4+ $1 {[%mdl 64] Double Attack} 34. Kb1 Qb4+ 35. Kc1 {Accuracy: White = 31%, Black = 49%.} 1/2-1/2

[Event "2nd Guotai Cup Belt Road 2019"]
[Site "Qinhuangdao"]
[Date "2019.04.18"]
[Round "3.5"]
[White "Yilmaz, Mustafa"]
[Black "Peng, Xiongjian"]
[Result "1-0"]
[WhiteElo "2631"]
[BlackElo "2459"]
[Annotator "TA"]
[PlyCount "73"]
[EventDate "2019.04.16"]
[EventType "swiss"]
[EventCountry "CHN"]
[SourceTitle "playchess.com"]
[Source "ChessBase"]
[SourceQuality "1"]

{[%evp 10,73,10,5,12,5,23,0,0,0,0,0,16,21,20,13,72,22,23,25,0,0,36,25,37,29,98,96,104,84,92,98,121,112,115,110,166,160,284,284,279,270,241,198,388,400,388,381,519,468,445,456,470,470,463,443,469,457,601,437,444,427,722,681,825,784]} 1. d4 Nf6 2. c4 e6 3. Nf3 b6 4. g3 Bb4+ 5. Bd2 Be7 6. Bg2 c6 {E15: Queen's Indian: 4 g3 sidelines, 4 g3 Ba6 and 4 g3 Bb7 early deviations} 7. Bc3 d5 8. Nfd2 $146 ({Predecessor:} 8. Nbd2 O-O 9. O-O Nbd7 10. Qc2 a5 11. b3 Bb7 12. e4 h6 13. Rfe1 Rc8 14. Rad1 {½-½ (80) Anton Guijarro,D (2650)-Riazantsev,A (2671) Tallinn 2016}) 8... a5 {The position is equal.} 9. b3 Ba6 10. e4 b5 {[%cal Rd5c4]} 11. e5 Nfd7 12. O-O $1 Nb6 (12... a4 $11 {remains equal.}) 13. Qg4 (13. Bxa5 {is interesting.} bxc4 14. bxc4 N8d7 15. Re1 Bxc4 16. Nxc4 dxc4 17. Bxb6 Qxb6 18. Nd2) 13... O-O 14. Bxa5 bxc4 15. bxc4 Bxc4 16. Nxc4 dxc4 17. Bd2 $36 {[%mdl 2048] Bh6! is the strong threat. White fights for an advantage.} f5 (17... h5 $11 18. Qe4 (18. Qxh5 Qxd4 19. Bc3 Qd3 $14) 18... Na6) 18. exf6 $1 $16 Bxf6 19. Be3 Nd5 20. Nd2 Ra4 21. Ne4 Qe7 22. Nc5 Nxe3 (22... Ra7 $16 {was called for.}) 23. fxe3 $18 Ra3 {[#]} (23... Ra7 $16 24. Bh3 (24. Nxe6 Re8 $16) (24. Qxe6+ Qxe6 25. Nxe6 Re8 $16) 24... Re8 25. Nxe6 (25. Qxe6+ Kh8 $18) 25... Nd7) 24. Rab1 $1 {[%cal Rb1b7] And now Rb7 would win.} ({Weaker is} 24. Nxe6 Re8 $14) ({Not} 24. Qxe6+ Qxe6 25. Nxe6 Re8 $11) 24... Ra7 25. Nxe6 Re8 26. e4 {Hoping for e5.} Nd7 $2 (26... Na6 {keeps fighting.}) 27. Bh3 g6 28. e5 Bh8 29. Qe2 {White is clearly winning.} Nf8 30. Nc5 Bg7 31. Qxc4+ Kh8 32. a4 Qg5 33. Rf4 Bh6 34. Rbf1 Qd8 35. R4f3 Qa5 (35... Qa8 $142 36. Rf6 Bg7) 36. Ne4 {[#] Black must now prevent Nf6.} Rea8 37. Nf6 {Accuracy: White = 66%, Black = 38%.} 1-0

[Event "2nd Guotai Cup Belt Road 2019"]
[Site "Qinhuangdao"]
[Date "2019.04.18"]
[Round "3.6"]
[White "Li, Yunshan"]
[Black "Antipov, Mikhail Al."]
[Result "0-1"]
[WhiteElo "2191"]
[BlackElo "2605"]
[Annotator "TA"]
[PlyCount "114"]
[EventDate "2019.04.16"]
[EventType "swiss"]
[EventCountry "CHN"]
[SourceTitle "playchess.com"]
[Source "ChessBase"]
[SourceQuality "1"]

{[%evp 19,114,20,37,18,44,59,52,33,69,63,83,82,81,79,87,43,72,45,59,19,16,22,25,11,15,14,18,0,0,0,0,0,0,-30,8,8,43,52,45,35,41,52,93,85,92,55,55,61,214,169,204,0,0,0,0,0,0,0,0,-271,-20,-12,8,8,12,28,38,0,0,0,0,0,0,0,0,-277,2,-195,-195,-200,-189,-667,-656,-733,-729,-29973,-29974,-29984,-29985,-29987,-29988,-29988,-29989,-29989,-29990,-29990,-29991]} 1. d4 Nf6 2. c4 e6 3. g3 c5 4. d5 exd5 5. cxd5 d6 6. Nc3 g6 7. Bg2 Bg7 8. Nf3 O-O 9. O-O Re8 10. Re1 a6 11. a4 {A62: Modern Benoni: Fianchetto Variation without early ...Nbd7} Ne4 12. Nxe4 Rxe4 13. Qc2 {White is slightly better.} Rb4 14. Ra2 {[#]} Qe8 $146 ({Predecessor:} 14... a5 15. Bd2 Na6 16. Bc3 b5 17. axb5 Rxb5 18. Qd2 Nb4 {1-0 (49) Rodshtein,M (2699)-Deac,B (2560) Heraklio 2017}) 15. Nd2 b5 16. axb5 Qxb5 17. b3 a5 $1 18. Ba3 Na6 $1 19. Qd1 (19. e4 {keeps more tension.} a4 20. Bf1 Qa5 21. Rc1 Rd4 22. Nc4) 19... Bd7 20. Bxb4 Nxb4 21. Ra3 Bb2 22. Ra4 {Hoping for Nc4.} Qa6 23. Qb1 Bc3 24. Ne4 Bxe1 25. Nf6+ {[%mdl 64] Double Attack} Kg7 26. Nxd7 Bc3 (26... Qxe2 $5 27. Qa1+ $8 Kh6 $15) 27. Qc1 $36 {[%mdl 2048] White is more active.} Bf6 (27... Bd4 $5 {[%cal Ra6e2]} 28. e3 Nd3 $14) 28. Nxf6 Kxf6 29. Qc3+ Ke7 30. Bf1 Qc8 31. e4 f6 32. f4 Kf7 33. Ra1 a4 $2 (33... Qc7 $14) 34. bxa4 $18 ({Resist} 34. Rxa4 $6 Rxa4 35. bxa4 Qe8 $16) 34... Qe8 35. Re1 $2 (35. e5 $1 $18) 35... Qxa4 $11 36. e5 Qc2 37. Qf3 Ra2 {[%csl Ga2][%cal Rc2h2]} 38. Re2 Qd1 39. Kg2 $2 {[%mdl 8192] [#]} (39. exd6 $11 Rxe2 40. Qxe2 Qd4+ 41. Qf2) 39... Nc2 $2 (39... Nd3 $1 $19 {[%cal Rd3e1] White must now prevent ...Ne1+.} 40. e6+ Ke7) 40. Qf2 $1 ({Not} 40. e6+ $2 Ke7 $19) 40... dxe5 41. fxe5 Qxd5+ 42. Kg1 Qd4 43. Qxd4 cxd4 $14 {[%mdl 4096] Endgame KRB-KRN} 44. Rf2 {[#] Threatens to win with Bc4+.} d3 $1 {[%mdl 512] And now ...Ra1 would win.} 45. Rxf6+ (45. Bxd3 Ra1+) 45... Ke7 {...d2 is the strong threat.} 46. Bxd3 {With the idea Bc4.} Ne3 47. Rb6 $2 {[%mdl 8192] [#]} (47. Rf3 $11 {and White is okay.} Ra1+ 48. Bf1) 47... Rg2+ $1 $19 48. Kh1 Rd2 49. Rb7+ {[#]} Ke6 $1 {[%mdl 512]} 50. Rb6+ $2 (50. Kg1 Rxd3 51. Rxh7) 50... Kxe5 51. Rb5+ Kd4 {( -> ...Rd1+)} 52. h4 Kxd3 {Black mates.} 53. h5 Ke4 54. h6 Kf3 55. Rb3 Re2 56. g4 Kxg4 57. Rb7 Kg3 {Accuracy: White = 57%, Black = 64%.} 0-1

[Event "2nd Guotai Cup Belt Road 2019"]
[Site "Qinhuangdao"]
[Date "2019.04.18"]
[Round "3.7"]
[White "Can, Emre"]
[Black "Zhang, Ziji"]
[Result "1/2-1/2"]
[WhiteElo "2599"]
[BlackElo "2414"]
[Annotator "TA"]
[PlyCount "123"]
[EventDate "2019.04.16"]
[EventType "swiss"]
[EventCountry "CHN"]
[SourceTitle "playchess.com"]
[Source "ChessBase"]
[SourceQuality "1"]

{[%evp 17,123,20,15,17,10,8,4,1,12,0,41,38,47,41,37,18,62,66,66,68,66,60,68,58,48,27,112,112,100,105,106,117,112,104,125,125,125,125,123,125,125,120,147,147,146,141,136,124,126,112,123,87,119,115,134,141,125,32,32,32,32,32,32,32,32,32,32,32,32,32,32,32,32,32,32,32,32,24,32,32,39,39,39,39,39,39,39,39,39,32,58,58,58,58,58,58,58,58,58,58,58,28,28,0,58,58,58,0]} 1. d4 d5 2. c4 e6 3. Nf3 Nf6 4. g3 dxc4 5. Bg2 c5 6. O-O Nc6 7. Qa4 Bd7 8. Qxc4 b5 9. Qd3 c4 10. Qc2 {E04: Open Catalan: 5 Nf3} (10. Qd1 Rc8 11. b3 Na5 12. Ne5 cxb3 13. axb3 Rxc1 14. Qxc1 Nxb3 15. Qb2 Nxa1 16. Qxa1 Bd6 17. Qxa7 O-O 18. Nxd7 Nxd7 {½-½ (77) Yu,Y (2751)-Harikrishna,P (2744) Huaian 2017}) 10... Be7 11. e4 O-O 12. Rd1 {The position is equal.} Rc8 13. Qe2 Re8 14. Ne5 h6 {[#]} 15. a4 $146 ({Predecessor:} 15. Be3 Qc7 16. Nxd7 Qxd7 17. a4 bxa4 {½-½ (55) Gupta,A (2610)-Lou,Y (2462) Caleta 2018}) 15... a6 16. Be3 Qc7 17. axb5 axb5 18. Nxd7 Qxd7 19. Nc3 $36 {[%mdl 2048] White is more active.} Nb4 20. d5 {[#] Hoping for d6!} Nd3 21. Ra7 Rc7 (21... Qd6 $1 $11 {remains equal.}) 22. dxe6 fxe6 23. Rxc7 {[%mdl 64] Overworked Piece} Qxc7 24. Nxb5 Qb7 {[#]} 25. b3 $1 {[%cal Rb3c4]} Qxb5 26. bxc4 Qxc4 {And now ...Ne5 would win.} 27. Qxd3 Qxd3 28. Rxd3 Ng4 29. Ba7 Ra8 30. Rd7 Kf8 31. Rb7 Rc8 32. Bh3 h5 33. Kg2 Rc2 34. Rb3 Ke8 35. Bd4 g5 36. Bxg4 hxg4 $16 {[%mdl 4096] Endgame KRB-KRB} 37. h3 ({White should try} 37. Rc3 $16 Ra2 38. Rc4) 37... gxh3+ $14 38. Kxh3 Rc4 39. Rd3 e5 $1 {[%cal Re5d4]} 40. Bxe5 {Strongly threatening f3.} Rxe4 41. f4 gxf4 42. gxf4 Kf7 43. Kg4 Ke6 44. Bc7 Rc4 45. Re3+ Kf7 46. Be5 Bf6 47. Bd6 Rd4 48. Ba3 Ra4 49. Rb3 Be7 50. Bc1 Rb4 51. Rc3 Ra4 52. Rc7 Ke6 53. Rc6+ Kf7 54. Bb2 Rb4 55. Be5 Ra4 56. Kf5 Ra5 57. Rh6 Rb5 58. Rh7+ Ke8 59. Kg6 Rb6+ $1 60. Kf5 Rb5 61. Rg7 Kf8 62. Rh7 {Accuracy: White = 67%, Black = 66%.} (62. Rg6 $14) 1/2-1/2

[Event "2nd Guotai Cup Belt Road 2019"]
[Site "Qinhuangdao"]
[Date "2019.04.18"]
[Round "3.7"]
[White "Can, Emre"]
[Black "Zhang, Ziji"]
[Result "*"]
[WhiteElo "2599"]
[BlackElo "2414"]
[Annotator "TA"]
[PlyCount "34"]
[EventDate "2019.04.16"]
[EventType "swiss"]
[EventCountry "CHN"]
[SourceTitle "playchess.com"]
[Source "ChessBase"]
[SourceQuality "1"]

{[%evp 17,28,18,22,7,7,4,16,-2,17,4,44,35,64]} 1. d4 d5 2. c4 e6 3. Nf3 Nf6 4. g3 dxc4 5. Bg2 c5 6. O-O Nc6 7. Qa4 Bd7 8. Qxc4 b5 9. Qd3 c4 10. Qc2 {E04: Open Catalan: 5 Nf3} (10. Qd1 Rc8 11. b3 Na5 12. Ne5 cxb3 13. axb3 Rxc1 14. Qxc1 Nxb3 15. Qb2 Nxa1 16. Qxa1 Bd6 17. Qxa7 O-O 18. Nxd7 Nxd7 {½-½ (77) Yu,Y (2751)-Harikrishna,P (2744) Huaian 2017}) 10... Be7 11. e4 O-O 12. Rd1 Rc8 13. Qe2 {Black should prevent d5.} Re8 14. Ne5 h6 {[#]} {Predecessor:} 15. Be3 $146 Qc7 16. Nxd7 Qxd7 17. a4 bxa4 {½-½ (55) Gupta,A (2610)-Lou,Y (2462) Caleta 2018} *

[Event "2nd Guotai Cup Belt Road 2019"]
[Site "Qinhuangdao"]
[Date "2019.04.18"]
[Round "3.8"]
[White "Zou, Chen"]
[Black "Oleksiyenko, Mykhaylo"]
[Result "1/2-1/2"]
[WhiteElo "2397"]
[BlackElo "2598"]
[Annotator "TA"]
[PlyCount "149"]
[EventDate "2019.04.16"]
[EventType "swiss"]
[EventCountry "CHN"]
[SourceTitle "playchess.com"]
[Source "ChessBase"]
[SourceQuality "1"]

{[%evp 20,149,25,25,25,20,21,-20,-9,-35,-36,-84,-99,-69,-68,-95,-105,-106,-113,-109,-107,-133,-114,-135,0,0,0,0,0,0,0,0,0,0,0,8,69,69,69,75,81,83,138,133,140,13,15,13,10,7,27,27,27,27,25,25,26,26,28,26,41,21,22,18,21,18,54,47,47,47,47,47,55,55,185,185,185,185,185,185,185,185,185,185,185,185,185,91,91,91,91,91,91,91,185,91,91,91,91,91,185,146,185,185,185,185,185,185,185,185,185,185,185,185,185,185,185,185,185,185,185,185,185,185,185,0,185,185,185,149,149,149]} 1. d4 Nf6 2. c4 g6 3. Nc3 Bg7 4. e4 d6 5. Nf3 O-O 6. h3 e5 7. d5 a5 8. Bg5 Na6 9. g4 Nc5 10. Nd2 c6 11. Be2 Bd7 {E92: King's Indian: Classical: 6 Be2 e5: 7 dxe5, 7 Be3 and Petrosian System without 7...Nbd7} 12. Be3 (12. h4 a4 13. a3 Qa5 14. Kf1 cxd5 15. cxd5 b5 16. Be3 Rab8 17. h5 b4 18. axb4 Rxb4 19. Bxc5 Qxc5 {0-1 (27) Grischuk,A (2792)-Morozevich,A (2731) Dubai 2014}) 12... a4 13. h4 Qa5 {aiming for ...a3.The position is equal.} 14. Kf1 $146 (14. Bxc5 $5 Qxc5 15. Rc1 $15) ({Predecessor:} 14. Bxc5 Qxc5 15. g5 Ne8 16. Nxa4 Qb4 17. b3 cxd5 18. cxd5 {1-0 (30) Jovanic,O (2447)-Cabezas Ayala,I (2348) Pardubice 2005}) 14... a3 15. Nb3 Nxb3 16. axb3 Qb4 17. Bd2 axb2 18. Rb1 {[#]} Ra1 $1 {[%mdl 512]} 19. g5 {[#]} (19. Rxa1 bxa1=N) 19... Nh5 $1 {[%mdl 512] Threatens to win with ...cxd5.} 20. Bxh5 gxh5 21. Kg2 b5 ({Better is} 21... Rxb1 $17 22. Nxb1 Qb6) 22. dxc6 $11 Bxc6 23. Rxa1 bxa1=Q 24. Qxa1 bxc4 25. Qa6 {[%mdl 64] Double Attack} Bb7 26. Qxc4 Qxc4 27. bxc4 Rc8 (27... f5 $11) 28. Rb1 $14 Ba6 29. Nd5 Bf8 30. Nf6+ Kh8 (30... Kg7 $142) 31. c5 $1 $16 {[%cal Rc5d6][%mdl 64] Decoy} Rxc5 32. Nd7 (32. Rb6 $1 $16 {[%cal Rb6a6]} Be2 33. Rb8 $1 {[%mdl 512]}) 32... Rc8 $1 $11 33. Nxf8 Bd3 34. Rb6 {Nd7 is the strong threat.} Bxe4+ 35. f3 Bf5 36. Rxd6 Rxf8 {[%mdl 4096] Endgame KRB-KRB} 37. Bc3 Re8 38. f4 Kg8 39. Bxe5 Bg6 40. Bf6 h6 41. gxh6 Kh7 42. Bg5 Re6 43. Rd7 Kg8 44. Rd8+ Kh7 45. Rf8 f6 46. Bxf6 {[%csl Gf6][%cal Rf8h8]} Re8 (46... Be4+ $14 47. Kf2 Kxh6) 47. Rxe8 $18 Bxe8 {KB-KB} 48. Bg5 $1 Bg6 49. Kf3 Kg8 50. Ke3 $1 Kf7 51. Kd4 $1 Ke6 52. Kc5 Be4 53. Kb6 (53. Bd8 $18) 53... Kd7 54. Bf6 Ke6 55. Bg7 Kd7 56. Be5 Bg6 (56... Ke6 $16 57. Kc7 Bg6) 57. Bb2 (57. Kc5 $18 {is more deadly.}) 57... Be4 58. Bc3 Bh7 59. Kc5 {Hoping for Kd5.} Bg8 (59... Ke6 $16) 60. f5 Bh7 61. Kd5 {And now Bb4 would win.} Ke7 62. Ke5 Kf7 {[#]} 63. Kf4 $1 Bg8 64. Kg5 Bh7 65. Bb4 Bg8 66. Kxh5 Kf6 67. Kg4 Bh7 68. Bc3+ Kf7 {[#]} 69. Kg5 $1 Ke7 70. h5 Kf7 71. Bb4 Bg8 72. Bc3 Bh7 73. Bd4 {White is clearly better.} Bg8 74. h7 Bxh7 75. Bf6 {Accuracy: White = 62%, Black = 64%.} 1/2-1/2